000 00195nam a2200085 4500
001 1254706
005 20251121090147.0
245 _aKARDEŞİMİN KORUYUCUSU
_cJULİE LEE
260 _bTİMAŞ YAYINLARI
999 _c1254706
_d1254706